000 00541nam a22001817a 4500
003 NUST - PNEC
005 20170116181052.0
008 150929b xxu||||| |||| 00| 0 eng d
020 _a0070620032
040 _cLIBRARY
082 _a658.4038011 OBR
100 _911939
_aO'Brien, James A.
245 _aManagement information systems :
_bmanaging information technology in the networked enterprise
_cJames A. O'Brien
250 _a7th ed.
260 _cc2006
650 _99861
_aManagement information systems
_xMIS
942 _2ddc
_cBK
999 _c68437
_d68437